| 000 | 00000nam##2200000za#4500 |
| 001 | 9.676828 |
| 003 | CaOODSP |
| 005 | 20210624230052 |
| 007 | cr ||||||||||| |
| 008 | 150407|1986||||xxc|||||o f|0| 0 fre|d |
| 040 | |aCaOODSP|bfre |
| 041 | |aeng |
| 041 | |afre |
| 043 | |an-cn--- |
| 086 | 1 |aA15-5221/1986-PDF |
| 110 | 1 |aCanada.|bAgriculture Canada. |bDirection générale de recherche. |
| 245 | 13|aLa terre : |h[ressource électronique]|bune ressource fragile / |c[par] J.L. Nowland and R.L. Halstead. |
| 246 | 14|aOrientation de la recherche agricole |
| 260 | |aOttawa - Ontario : |bAgriculture Canada. |c1986. |
| 300 | |a56p.|bill. en couleur |
| 500 | |aPublication historique numérisée par Agriculture et Agroalimentaire Canada. «Il s'agit d'une mise à jour de la stratégie de 1981 relative à la recherche sur les ressources agricoles du territoire.»--Remerciements. "Comité canadien des ressources du territoire."--P. de t. |
| 590 | |a15-02-Supp|b2015-02-16 |
| 691 | 07|aIndustrie agro-alimentaire|2gcpds |
| 720 | 1 |aNowland, J. L. |
| 720 | 1 |aHalstead, R. L. |
| 791 | |tLand : |eeng|w(CaOODSP)9.676827 |
| 856 | 40|ahttp://publications.gc.ca|qPDF|s4829 Ko|uhttps://publications.gc.ca/collections/collection_2015/aac-aafc/A15-5221-1986.pdf |
| 986 | |a5221/B |